千葉県内の数字がつく駅 - Statistics

General Stats
  • This quiz has been taken 56 times
    54 since last reset
  • The average score is 22 of 27
Answer Stats
事業者 路線 数字 駅名 % Correct
JR東日本東京都交通局 総武本線新宿線 本八幡
100%
JR東日本 京葉線 二俣新町
98%
JR東日本 総武本線 八街
98%
JR東日本 総武本線 四街道
96%
JR東日本 武蔵野線 新八柱
96%
東葉高速鉄道 東葉高速線 八千代緑が丘
96%
JR東日本京成電鉄 成田空港線京成本線 (上野線) 成田空港線 空港第2ビル
93%
JR東日本 外房線 上総一ノ宮
91%
JR東日本小湊鉄道 内房線 小湊鉄道線 五井
91%
京成電鉄 京成本線(上野線) 京成八幡
89%
京成電鉄 松戸線 八柱
89%
東葉高速鉄道 東葉高速線 八千代中央
87%
京成電鉄 京成本線(上野線) 八千代台
84%
京成電鉄 松戸線 二和向台
82%
東武鉄道 野田線 六実
82%
京成電鉄 松戸線 五香
80%
東武鉄道 野田線 七光台
78%
京成電鉄 松戸線 三咲
71%
JR東日本 総武本線 八日市場
71%
JR東日本 内房線 九重
71%
JR東日本 鹿島線 十二橋
69%
JR東日本 外房線 八積
67%
JR東日本 内房線 八幡宿
62%
東武鉄道 野田線 豊四季
60%
JR東日本 内房線 南三原
58%
JR東日本 外房線 三門
53%
小湊鉄道 小湊鉄道線 上総三又
44%
No matching quizzes found
Score Distribution
Percent of People with Each Score
Percentile by Number Answered
Your Score History
You have not taken this quiz since the last reset